Imagen criolla: Prácticas fotográficas en las artes visuales de Chile.
Salvato in:
| Autore principale: | |
|---|---|
| Natura: | Libro |
| Lingua: | spagnolo |
| Pubblicazione: |
Santiago, Chile:
Ediciones Metales Pesados,
2013.
|
| Soggetti: | |
| Tags: |
Aggiungi Tag
Nessun Tag, puoi essere il primo ad aggiungerne!!
|
MARC
| LEADER | 00000cam a2200000 a 4500 | ||
|---|---|---|---|
| 001 | UCE0411 | ||
| 003 | CL-VaPUC | ||
| 005 | 20250407202432.0 | ||
| 008 | 140116t20130700cl |||||||||||||||||spa|d | ||
| 999 | |c 354550 |d 354548 | ||
| 020 | |a 978-956-8415-59-4 | ||
| 040 | |c Pontificia Universidad Católica de Valparaíso | ||
| 082 | 0 | 4 | |a 770.983 GOF 2013 |b GOF |2 21 |
| 100 | |a Goffard, Nathalie |9 604845 |e autora | ||
| 245 | 1 | 0 | |a Imagen criolla: |b Prácticas fotográficas en las artes visuales de Chile. |
| 260 | |a Santiago, Chile: |b Ediciones Metales Pesados, |c 2013. | ||
| 300 | |a 250 páginas: |b fotografías. | ||
| 500 | |a c.4-c.5. Instituto Arcos.08-01-2025. | ||
| 583 | |a last modification |c 20140116 11:53:00 |k Rodrigo Vera | ||
| 650 | 0 | |a Historia de la fotografía |9 494165 |z Chile | |
| 650 | 0 | |a Arte y fotografía |9 266826 |z Chile | |
| 650 | 0 | |a Artes visuales |9 862937 |x Prácticas fotográficas |z Chile | |
| 942 | |c BK |2 ddc |n 0 | ||
| 945 | |d 20140116 11:53:00 |a dcastane | ||
| 952 | |0 0 |1 0 |3 erb |4 0 |6 770_983000000000000_GOF_2013 |7 0 |8 A |9 460496 |a BIBART |b BIBART |i 5050006 |l 4 |o 770.983 GOF 2013 |p 5050006 |r 2025-03-13 |s 2024-06-24 |w 2019-11-23 |y BK |z Catalogado en:20140116 |k ART | ||
| 952 | |0 0 |1 0 |3 erb |4 0 |6 770_983000000000000_GOF_2013 |7 0 |8 A |9 460497 |a BIBCUR |b BIBCUR |i 5293839 |o 770.983 GOF 2013 |p 5293839 |r 2025-04-22 |w 2019-11-23 |y BK |z Catalogado en:20160616 |k PER | ||
| 952 | |0 0 |1 0 |3 erb |4 0 |6 770_983000000000000_GOF_2013 |7 0 |8 A |9 460498 |a BIBCUR |b BIBCUR |i 5435862 |o 770.983 GOF 2013 |p 5435862 |r 2025-04-22 |w 2019-11-23 |y BK |z Catalogado en:20171117 |k PER | ||
| 952 | |0 0 |1 0 |2 ddc |4 0 |6 770_983000000000000_GOF_2013 |7 0 |8 A |9 601661 |a BIBINC |b BIBINC |d 2025-03-20 |e Instituto Arcos |i 5666534 |o 770.983 GOF 2013 |p 5666534 |r 2025-03-20 |t 4 |w 2025-03-20 |y BK |k IFP | ||
| 952 | |0 0 |1 0 |2 ddc |4 0 |6 770_983000000000000_GOF_2013 |7 0 |8 A |9 601662 |a BIBINC |b BIBINC |d 2025-03-20 |e Instituto Arcos |i 5666535 |o 770.983 GOF 2013 |p 5666535 |r 2025-03-20 |t 5 |w 2025-03-20 |y BK |k IFP | ||